ASŘ oblastního rozvoje národního hospodářství prognóza zdrojů a rozdělení pracovních sil k roku 2000 v ČSSR a krajích ČSR

Saved in:
Bibliographic Details
Main Author: Tománek, Petr
Other Authors: Sedláčková, Miluše
Format: Book
Language:Czech
Published: Ostrava Výzkumný ústav rozvoje oblastí a měst 1980
Tags: Add Tag
No Tags, Be the first to tag this record!

MARC

LEADER 00000nam a2200000 4500
001 c142681
005 20221207064548.7
041 0 |a cze 
044 |a CZ 
245 1 0 |a ASŘ oblastního rozvoje národního hospodářství  |b prognóza zdrojů a rozdělení pracovních sil k roku 2000 v ČSSR a krajích ČSR  |c Petr Tománek, Miluše Sedláčková 
264 1 |a Ostrava  |b Výzkumný ústav rozvoje oblastí a měst  |c 1980 
300 |a 17 s. 
100 1 |a Tománek, Petr 
700 1 |a Sedláčková, Miluše